000 01180nam a22003257a 4500
001 BR8403867
003 BR-BrBNA
005 20230928092004.0
007 ta
008 230509b bl.||||| |||| 00| 0 por d
040 _aBR-BrBNA
_bpor
_cBiblioteca Nacional de Agricultura
041 _a(Por)
072 _aF26; F28; F27
_b/G514
090 _ F26 BR8403867
110 1 _aProjeto Integrado de Uso e Conservacao do Solo, Passo Fundo, RS (Brasil);
_98075
110 1 _aUniversidade de Passo Fundo, RS (Brasil). Faculdade de Agronomia
_910503
111 1 _a1. Simposio de Manejo do Solo e Plantio Direto no Sul do Brasil; 3. Simposio de Conservacao de Solo do Planalto
_cPasso Fundo, RS (Brazil)
_d27-29 Sep 1983
245 1 _aAnais do 1. Simposio de Manejo do Solo e Plantio Direto no Sul do Brasil e 3. Simposio de Conservacao de Solo do Planalto
260 3 _aPasso Fundo, RS (Brasil):
_c1984.
300 _a226 p.
650 _aSOLO
650 _aMANEJO
650 _aEROSAO DO SOLO
650 _aCONSERVACAO DO SOLO
650 _aPLANTIO DIRETO
650 _aROTACAO DE CULTURA
650 _aREGIAO SUL
909 _a202309
_bLucia
_c55
_dLucia Elande
942 _cBK
999 _c36568
_d36568